1884 1159 1673 1544 1456 1787 1120 1254 1290 1276 1070 1047 1440 1205 1217 1977 1736 1090 1050 1929 1416 1416 1043 1895 1635 1736 1281 1139 1045 1795 1800 1363 1909 1945 1087 1465 1589 1038 1551 1966 1105 1890 1485 1107 1375 1793 1674 1711 1609 1541 1528 1198 1886 1749 1170 1622 1416 1662 1542 1432 1671 1092 1381 1928 1458 1685 1474 1103 1120 1797 1566 1566 1930 1884 1998 1389 1541 1013 1283 1911 1410 1728 1479 1243 1683 1890 1458 1231 1684 1860 1430 1349 1729 1894 1304 1754 1400 1598 1312 BCNSPRNW ULIB Ver.6.0+V

เปลี่ยนเป็นภาษาไทย

Change to English
 แสดงรายละเอียดบรรณานุกรม
  กลับหน้าหลัก

Brief Record : Get Marc (ISO 2709) : E-mail record : QR code < ปิดหน้าต่าง
LEADER : 00000nam 2200000uu 4500
001    13399122505
003     ULIB
008    020711s2548 th a 000 0 tha d
020    9789749300107
090    นว.^bม712C
100    แม็กซ์ อัลลัน คอลลินส์
110    อินเตอร์บุ๊คส์
245    CSI : ไขปมคดีปริศนา ตอน นรกเย็น/^cแม็กซ์ อัลลัน คอลลินส์
250    พิมพ์ครั้งที่ 1
260    กรุงเทพฯ :^bอินเตอร์บุ๊คส์,^c2548
300    376 หน้า
945    ^p250^l0^i19964
999    ^aทศพร เกษรทอง
รายการนี้ยังไม่มีแท็ก
คุณยังไม่ได้ล็อกอิน คุณสามารถมีกิจกรรมร่วมกับเว็บไซต์ได้ แต่ต้องล็อกอินก่อน ::
  ล็อกอิน

รายการสื่อสารสนเทศ

ลำดับที่ ประเภท เลขเรียก/บาร์โค้ด สถานที่ สถานะ
1. นวนิยาย
นวนิยาย
นว. ม712C  
  Barcode: 19964
ห้องสมุดวิทยาเขตสวรรค์ประชารักษ์
►นวนิยาย
บนชั้น
  ขอยืม

BibComment


ยังไม่เคยถูกคอมเมนท์

คอมเมนท์ทรัพยากรรายการนี้
  คอมเมนท์: CSI ไขปมคดีปริศน..


 Copyright 2026. Bcnsprnw @Library